Modos de ver: basado en la serie de la televisión BBC en colaboración con John Berger.

Guardat en:
Dades bibliogràfiques
Autor principal: Berger, John (autor)
Format: Desconegut
Publicat: Barcelona, España: GG, SL., 2022.
Edició:3ª edición. 10ª tirada.
Matèries:
Etiquetes: Afegir etiqueta
Sense etiquetes, Sigues el primer a etiquetar aquest registre!

MARC

LEADER 00000 a2200000 4500
003 CL-VaPUC
005 20250121113420.0
008 230529t2022 ||||| |||| 00| 0 eng d
999 |c 440755  |d 440753 
020 |a 978-84-252-2892-6 
040 |c Pontificia Universidad Católica de Valparaíso 
082 7 |a 701.17 BER 2022  |2 22 
100 |a Berger, John  |e autor  |9 421636 
245 |a Modos de ver:  |b basado en la serie de la televisión BBC en colaboración con John Berger.  
250 |a 3ª edición. 10ª tirada.  
260 |a Barcelona, España:   |b GG, SL.,  |c 2022. 
300 |a 165 páginas.  
583 |k Catalogador Asistente  |c 20230529 
650 0 |a Psicología del arte  |9 265264 
650 0 |a Apreciación estética   |9 345969 
942 |2 ddc  |c BK 
952 |0 0  |1 0  |2 ddc  |4 0  |6 701_170000000000000_BER_2022  |7 0  |8 A  |9 590201  |a BIBART  |b BIBART  |c GEN  |d 2023-05-25  |e 181  |g 24800.00  |i 5657547  |o 701.17 BER 2022  |p 5657547  |r 2025-03-13  |t 1  |v 24800.00  |w 2023-05-25  |y BK  |k ART